[Event "DEM U16w 2012"]
[Site "Oberhof GER"]
[Date "2012.05.27"]
[Round "1"]
[White "Osmanodja, Filiz"]
[Black "Liez, Franziska"]
[Result "1-0"]
[Termination "normal"]
[Board "1"]
[WhiteTitle "FM"]
[WhiteElo "2160"]
[BlackElo "1957"]
[PlyCount "77"]
[WhiteFideId "24633569"]
[BlackFideId "1271766"]
[EventCountry "GER"]
[EventRounds "9"]
[EventType "swiss"]
[EventDate "2012.05.26"]

1. e4 e5 2. Nf3 Nc6 3. Bb5 a6 4. Ba4 Nf6 5. O-O b5 6. Bb3 Nxe4 7. d4 Be7 8.
dxe5 O-O 9. Bd5 Nc5 10. Nc3 Bb7 11. Bf4 Kh8 12. Qd2 f6 13. Rae1 fxe5 14. Nxe5
Nxe5 15. Bxe5 d6 16. Bd4 c6 17. Bf3 d5 18. Qe3 Bg5 19. Bxg7+ Kxg7 20. Qxc5 Qf6
21. Bh5 Bc8 22. f4 Bxf4 23. g3 Bd6 24. Qxc6 Bf5 25. Qxd5 Rac8 26. Ne4 Bxe4 27.
Qxe4 Bc5+ 28. Kg2 Qd6 29. Rd1 Qc7 30. Qg4+ Kh8 31. Rd7 Qc6+ 32. Kh3 Rg8 33. Qf5
Qh6 34. Qf6+ Qxf6 35. Rxf6 Bf8 36. c3 Ra8 37. Bf3 Rb8 38. Be4 Bg7 39. Rh6 1-0

[Event "DEM U16w 2012"]
[Site "Oberhof GER"]
[Date "2012.05.27"]
[Round "1"]
[White "Mehling, Katharina"]
[Black "Spiegelberg, Silvia"]
[Result "0-1"]
[Termination "normal"]
[Board "2"]
[WhiteElo "1714"]
[BlackElo "1903"]
[PlyCount "62"]
[WhiteFideId "12900362"]
[BlackFideId "24654450"]
[EventCountry "GER"]
[EventRounds "9"]
[EventType "swiss"]
[EventDate "2012.05.26"]

1. d4 d5 2. Nc3 e6 3. e4 Bb4 4. e5 Ne7 5. a3 Ba5 6. Bd2 Bb6 7. Qg4 Ng6 8. Bd3
c5 9. Nb5 Bc7 10. h4 c4 11. Bxg6 hxg6 12. Rh3 Bd7 13. Nxc7+ Qxc7 14. h5 Ba4 15.
Rc1 Nc6 16. hxg6 O-O-O 17. Nf3 Rde8 18. Rxh8 Rxh8 19. Ke2 Re8 20. gxf7 Qxf7 21.
b3 cxb3 22. cxb3 Bxb3 23. Rh1 Bc4+ 24. Ke1 Qe7 25. Bc1 Qc7 26. Rh7 Qa5+ 27. Nd2
Qc3 28. Bb2 Qxb2 29. Nxc4 Qc1+ 30. Ke2 Qxc4+ 31. Ke3 Qc3+ 0-1

[Event "DEM U16w 2012"]
[Site "Oberhof GER"]
[Date "2012.05.27"]
[Round "1"]
[White "Schmalhorst, Sophia"]
[Black "Stoll, Katja"]
[Result "1-0"]
[Termination "normal"]
[Board "3"]
[WhiteElo "1866"]
[BlackElo "1645"]
[PlyCount "55"]
[WhiteFideId "24682497"]
[BlackFideId "1271730"]
[EventCountry "GER"]
[EventRounds "9"]
[EventType "swiss"]
[EventDate "2012.05.26"]

1. e4 e5 2. Nf3 Nf6 3. Nc3 Nc6 4. Bc4 Nxe4 5. Nxe4 d5 6. Bd3 dxe4 7. Bxe4 Bd6
8. d3 Bd7 9. O-O Qe7 10. d4 O-O 11. Re1 Rad8 12. c3 Rfe8 13. Qb3 Na5 14. Qc2 g6
15. Bd2 exd4 16. Bxg6 Qxe1+ 17. Rxe1 hxg6 18. Nxd4 c5 19. Nf3 Bc6 20. c4 Bxf3
21. gxf3 Nc6 22. Bc3 Rxe1+ 23. Bxe1 Nd4 24. Qe4 Nc6 25. Bc3 Nd4 26. Kg2 Nc6 27.
Qh4 f5 28. Qf6 1-0

[Event "DEM U16w 2012"]
[Site "Oberhof GER"]
[Date "2012.05.27"]
[Round "1"]
[White "Schäfer, Annabelle"]
[Black "Tettmann, Ann-Kathrin"]
[Result "0-1"]
[Termination "normal"]
[Board "5"]
[WhiteElo "1803"]
[BlackElo "1622"]
[PlyCount "82"]
[WhiteFideId "12917729"]
[BlackFideId "12945676"]
[EventCountry "GER"]
[EventRounds "9"]
[EventType "swiss"]
[EventDate "2012.05.26"]

1. e4 c5 2. Nf3 d6 3. d4 Nf6 4. Nc3 cxd4 5. Nxd4 a6 6. Bg5 e6 7. Qd2 Be7 8. Be2
Qc7 9. f3 Nbd7 10. h4 b5 11. g4 Bb7 12. Be3 Nb6 13. h5 h6 14. Rg1 d5 15. e5
Nfd7 16. f4 Nc4 17. Bxc4 dxc4 18. O-O-O Rc8 19. Nce2 Nc5 20. Ng3 Bh4 21. Qb4
Be7 22. Qe1 Bh4 23. Qb4 O-O 24. Bf2 Bxg3 25. Bxg3 Ne4 26. Bh4 c3 27. Be7 Rfe8
28. Bd6 Qb6 29. b3 Nf2 30. Rdf1 a5 31. Qxb5 Qxd4 32. Qxb7 Qxf4+ 33. Kb1 Qd4 34.
Qf3 Ne4 35. Qxf7+ Kh8 36. Qf4 a4 37. g5 axb3 38. gxh6 Nd2+ 39. Qxd2 Qxd2 40.
hxg7+ Kh7 41. g8=Q+ Rxg8 0-1

[Event "DEM U16w 2012"]
[Site "Oberhof GER"]
[Date "2012.05.27"]
[Round "1"]
[White "Lehmann, Patricia"]
[Black "Diederichs, Luise"]
[Result "0-1"]
[Termination "normal"]
[Board "6"]
[WhiteElo "1671"]
[BlackElo "1764"]
[PlyCount "76"]
[WhiteFideId "12900060"]
[BlackFideId "24661597"]
[EventCountry "GER"]
[EventRounds "9"]
[EventType "swiss"]
[EventDate "2012.05.26"]

1. d4 Nf6 2. c4 c5 3. Nf3 g6 4. Nc3 Bg7 5. Bg5 O-O 6. e4 cxd4 7. Nxd4 d6 8. Be2
Nc6 9. Nf3 Bg4 10. O-O Rc8 11. Nd2 Bxe2 12. Nxe2 Nd7 13. Rb1 Qa5 14. a3 Qxg5
15. f4 Qc5+ 16. Kh1 Nd4 17. Ng3 b5 18. b4 Qb6 19. cxb5 Qxb5 20. Nf3 Nxf3 21.
Rxf3 Nb6 22. f5 Qc4 23. h4 Qc2 24. Qf1 Rc3 25. Re1 Rxf3 26. Qxf3 Qc3 27. Re3
Qc1+ 28. Kh2 Nc4 29. Re2 Qxa3 30. Qxa3 Nxa3 31. Ra2 Nb5 32. h5 Bc3 33. Ne2 Bxb4
34. Rb2 a5 35. h6 Rc8 36. fxg6 hxg6 37. Nf4 Nc3 38. Kh3 Rc4 0-1

[Event "DEM U16w 2012"]
[Site "Oberhof GER"]
[Date "2012.05.27"]
[Round "1"]
[White "Polert, Annika"]
[Black "Eue, Vicky"]
[Result "1-0"]
[Termination "normal"]
[Board "7"]
[WhiteElo "1792"]
[BlackElo "1586"]
[PlyCount "77"]
[WhiteFideId "24692328"]
[BlackFideId "12945838"]
[EventCountry "GER"]
[EventRounds "9"]
[EventType "swiss"]
[EventDate "2012.05.26"]

1. c4 e5 2. g3 Nc6 3. Bg2 Nf6 4. Nc3 Be7 5. Nf3 O-O 6. O-O d6 7. d3 Be6 8. Ng5
d5 9. Nxe6 fxe6 10. Qa4 a6 11. a3 Qd7 12. Bh3 d4 13. Nd1 Nd8 14. Qc2 Qc6 15.
Bg2 Qd7 16. b4 c5 17. Bd2 Rb8 18. bxc5 Bxc5 19. Bb4 Bxb4 20. axb4 Nc6 21. Qb3
Qe7 22. b5 axb5 23. Qxb5 Qc7 24. Bh3 Rfe8 25. Nb2 Kh8 26. Rfb1 e4 27. Na4 Na7
28. Qb6 Qxb6 29. Rxb6 Nc6 30. Nc5 e5 31. Rxb7 Rxb7 32. Nxb7 exd3 33. exd3 Nb4
34. Nd6 Nc2 35. Rc1 e4 36. Nxe8 exd3 37. Nxf6 gxf6 38. Rd1 Nb4 39. Bf5 1-0

[Event "DEM U16w 2012"]
[Site "Oberhof GER"]
[Date "2012.05.27"]
[Round "1"]
[White "Michels, Kim"]
[Black "Winterholler, Christina"]
[Result "0-1"]
[Termination "time forfeit"]
[Board "8"]
[WhiteElo "1647"]
[BlackElo "1822"]
[PlyCount "68"]
[WhiteFideId "24690066"]
[BlackFideId "24652105"]
[EventCountry "GER"]
[EventRounds "9"]
[EventType "swiss"]
[EventDate "2012.05.26"]

1. e4 e5 2. Nf3 Nc6 3. Bc4 Bc5 4. c3 Nf6 5. d3 d6 6. Bb3 h6 7. h3 a6 8. Nbd2
Ba7 9. Nf1 O-O 10. Ne3 Ne7 11. Nh4 d5 12. Qf3 Bxe3 13. Bxe3 Qd6 14. g4 dxe4 15.
dxe4 Qd3 16. Rd1 Qxe4 17. Qxe4 Nxe4 18. Bc2 Nd6 19. Nf3 f6 20. Bb3+ Kh8 21. Rg1
b6 22. h4 Bb7 23. Nh2 Rad8 24. g5 fxg5 25. hxg5 h5 26. g6 Be4 27. Bg5 Rde8 28.
Bxe7 Rxe7 29. f3 Bc6 30. Rxd6 cxd6 31. Rg5 d5 32. Rxh5+ Kg8 33. c4 Rd8 34. Ng4
b5 0-1

[Event "DEM U16w 2012"]
[Site "Oberhof GER"]
[Date "2012.05.27"]
[Round "1"]
[White "Kuckling, Hannah"]
[Black "Wulf, Constanze"]
[Result "1-0"]
[Termination "normal"]
[Board "9"]
[WhiteElo "1821"]
[BlackElo "1473"]
[PlyCount "51"]
[WhiteFideId "24603660"]
[BlackFideId "24692379"]
[EventCountry "GER"]
[EventRounds "9"]
[EventType "swiss"]
[EventDate "2012.05.26"]

1. e4 c5 2. Nc3 a6 3. f4 e6 4. Nf3 Nc6 5. d3 Nf6 6. g3 d6 7. Bg2 Be7 8. O-O Qc7
9. Ne2 Rb8 10. h3 b5 11. g4 Nd7 12. Ng3 Nd4 13. f5 Ne5 14. Nxe5 dxe5 15. Nh5
Rg8 16. f6 Bf8 17. fxg7 Bxg7 18. c3 Nc6 19. Qf3 Nd8 20. Bg5 Rb7 21. Bf6 Bh8 22.
d4 exd4 23. cxd4 cxd4 24. Rac1 Qd7 25. Bxh8 Rxh8 26. Nf6+ 1-0

[Event "DEM U16w 2012"]
[Site "Oberhof GER"]
[Date "2012.05.27"]
[Round "1"]
[White "Brock, Sharlena"]
[Black "Steimbach, Isabel"]
[Result "0-1"]
[Termination "normal"]
[Board "10"]
[WhiteElo "1420"]
[BlackElo "1690"]
[PlyCount "72"]
[WhiteFideId "12951935"]
[BlackFideId "24692174"]
[EventCountry "GER"]
[EventRounds "9"]
[EventType "swiss"]
[EventDate "2012.05.26"]

1. e4 e5 2. Nf3 d6 3. Bc4 Nf6 4. Nc3 Be7 5. O-O O-O 6. d4 exd4 7. Nxd4 Re8 8.
Re1 Nbd7 9. Bf4 Bf8 10. Qd2 Ne5 11. Bb3 a6 12. Rad1 b5 13. f3 c5 14. Ndxb5 axb5
15. Nxb5 Qb6 16. c4 Ba6 17. Nxd6 Rad8 18. Nxe8 Rxd2 19. Rxd2 Nxc4 20. Bxc4 Bxc4
21. Nxf6+ Qxf6 22. Be3 h6 23. b3 Bb5 24. Red1 Kh7 25. Rd5 Qc3 26. Bf2 Bc6 27.
Rd8 Be7 28. R8d3 Qf6 29. a4 c4 30. bxc4 Bxa4 31. Rc1 Qb2 32. Be3 Bc5 33. Re1
Qc2 34. Rd2 Qxd2 35. Kf1 Bxe3 36. Re2 Qd3 0-1

[Event "DEM U16w 2012"]
[Site "Oberhof GER"]
[Date "2012.05.27"]
[Round "1"]
[White "Lagunow, Elina"]
[Black "Tobianski, Karina"]
[Result "1-0"]
[Termination "normal"]
[Board "11"]
[WhiteElo "1748"]
[BlackElo "1341"]
[PlyCount "125"]
[WhiteFideId "4673387"]
[BlackFideId "12937746"]
[EventCountry "GER"]
[EventRounds "9"]
[EventType "swiss"]
[EventDate "2012.05.26"]

1. e4 c5 2. c3 d5 3. exd5 Qxd5 4. d4 Nc6 5. Nf3 cxd4 6. cxd4 e5 7. Nc3 Bb4 8.
Bd2 Bxc3 9. Bxc3 e4 10. Ne5 Nxe5 11. dxe5 Ne7 12. Qa4+ Bd7 13. Qb4 Qc6 14. Rc1
a5 15. Qd4 O-O 16. Bd2 Qd5 17. Qxd5 Nxd5 18. Rc5 Bc6 19. Bxa5 Rfe8 20. Bc4 Ne7
21. e6 fxe6 22. Bxe6+ Kh8 23. O-O Ng6 24. Bb3 Rac8 25. Bc3 Re7 26. Re1 Rce8 27.
Re3 Ne5 28. Rh3 b6 29. Rxe5 Rxe5 30. Bxe5 Rxe5 31. Rc3 Rc5 32. Rxc5 bxc5 33. a4
g6 34. Kf1 Kg7 35. Ke2 Kf6 36. Ke3 Ke5 37. a5 Bb7 38. f3 exf3 39. gxf3 g5 40.
Bc2 h6 41. Be4 Ba6 42. b3 Bb5 43. Bd3 Bc6 44. a6 Kd6 45. a7 Kc7 46. Bb5 Ba8 47.
f4 gxf4+ 48. Kxf4 Kb6 49. Bc4 Kxa7 50. Kg4 Kb6 51. Kh5 Bf3+ 52. Kxh6 Kc6 53. h4
Kd6 54. h5 Ke5 55. Kg6 Be4+ 56. Kg7 Kd6 57. h6 Ke7 58. h7 Bxh7 59. Kxh7 Kf6 60.
Kh6 Ke5 61. Kg6 Kd6 62. Kf5 Kc6 63. Ke5 1-0

[Event "DEM U16w 2012"]
[Site "Oberhof GER"]
[Date "2012.05.27"]
[Round "1"]
[White "Burgardt, Sabrina"]
[Black "Siegl, Melina"]
[Result "0-1"]
[Termination "normal"]
[Board "12"]
[WhiteElo "1281"]
[BlackElo "1771"]
[PlyCount "60"]
[WhiteFideId "12951943"]
[BlackFideId "1272126"]
[EventCountry "GER"]
[EventRounds "9"]
[EventType "swiss"]
[EventDate "2012.05.26"]

1. d4 f5 2. c4 g6 3. b3 Bg7 4. Bb2 d6 5. Nf3 Nf6 6. e3 O-O 7. Bd3 c6 8. O-O Nh5
9. Qc2 Qc7 10. c5 dxc5 11. Bc4+ Kh8 12. Ng5 h6 13. Nf7+ Kh7 14. dxc5 e5 15. Nd6
Nd7 16. Be6 Nxc5 17. Bxc8 Qxd6 18. Bxb7 Nxb7 19. Ba3 c5 20. Nc3 Rac8 21. Rad1
Qc6 22. Nd5 Rf7 23. e4 fxe4 24. Qxe4 Nd6 25. Qd3 e4 26. Qd2 Nb5 27. Bc1 Nd4 28.
Ne3 Nf4 29. Bb2 Qf6 30. Kh1 Nd3 0-1

[Event "DEM U16w 2012"]
[Site "Oberhof GER"]
[Date "2012.05.27"]
[Round "2"]
[White "Winterholler, Christina"]
[Black "Osmanodja, Filiz"]
[Result "0-1"]
[Termination "normal"]
[Board "1"]
[BlackTitle "FM"]
[WhiteElo "1822"]
[BlackElo "2160"]
[PlyCount "76"]
[WhiteFideId "24652105"]
[BlackFideId "24633569"]
[EventCountry "GER"]
[EventRounds "9"]
[EventType "swiss"]
[EventDate "2012.05.26"]

1. e4 c5 2. Nf3 d6 3. Bb5+ Nc6 4. Bxc6+ bxc6 5. O-O Bg4 6. Qe2 e5 7. c3 Be7 8.
Na3 Nf6 9. Re1 O-O 10. Nc2 d5 11. d3 c4 12. Ne3 Bxf3 13. gxf3 cxd3 14. Qxd3 Nh5
15. Nf5 Bg5 16. Kh1 Bxc1 17. Raxc1 Nf4 18. Qe3 g6 19. Rg1 Kh8 20. Ng3 Qf6 21.
Rcd1 Rfd8 22. Rge1 d4 23. cxd4 exd4 24. Qa3 Qe5 25. Ne2 Ne6 26. b4 a5 27. Rd2
axb4 28. Qxb4 c5 29. Qc4 Ra3 30. Rd3 Rda8 31. Nc1 R3a4 32. Qb5 R4a5 33. Qc4 Qg5
34. Rg1 Qh4 35. Rd2 Qf4 36. Rd3 Ra4 37. Qb5 c4 38. Ne2 Qf6 0-1

[Event "DEM U16w 2012"]
[Site "Oberhof GER"]
[Date "2012.05.27"]
[Round "2"]
[White "Spiegelberg, Silvia"]
[Black "Kuckling, Hannah"]
[Result "0-1"]
[Termination "normal"]
[Board "2"]
[WhiteElo "1903"]
[BlackElo "1821"]
[PlyCount "50"]
[WhiteFideId "24654450"]
[BlackFideId "24603660"]
[EventCountry "GER"]
[EventRounds "9"]
[EventType "swiss"]
[EventDate "2012.05.26"]

1. e4 c5 2. Nf3 e6 3. d4 cxd4 4. Nxd4 Nc6 5. Be3 Qc7 6. c4 Nf6 7. Nc3 Bb4 8. f3
d5 9. exd5 exd5 10. Nxc6 Bxc3+ 11. bxc3 Qxc6 12. Qb3 O-O 13. Kf2 Be6 14. Qb5
Qc7 15. Rb1 b6 16. c5 Rfc8 17. cxb6 axb6 18. Bd4 Rxa2+ 19. Be2 Nd7 20. Qb3 Rca8
21. Bxb6 Nxb6 22. Qxb6 Qxc3 23. Rhc1 Qe5 24. Qb5 Bd7 25. Qd3 Bf5 0-1

[Event "DEM U16w 2012"]
[Site "Oberhof GER"]
[Date "2012.05.27"]
[Round "2"]
[White "Steimbach, Isabel"]
[Black "Schmalhorst, Sophia"]
[Result "0-1"]
[Termination "normal"]
[Board "3"]
[WhiteElo "1690"]
[BlackElo "1866"]
[PlyCount "88"]
[WhiteFideId "24692174"]
[BlackFideId "24682497"]
[EventCountry "GER"]
[EventRounds "9"]
[EventType "swiss"]
[EventDate "2012.05.26"]

1. e4 e5 2. Nf3 Nc6 3. Nc3 Nf6 4. a3 Bc5 5. Nxe5 Nxe5 6. d4 Bd6 7. f4 Ng6 8. e5
Be7 9. exf6 Bxf6 10. Qe2+ Qe7 11. Nd5 Qxe2+ 12. Bxe2 Bd8 13. Bd2 O-O 14. O-O-O
Ne7 15. Ne3 d5 16. Bb4 c6 17. Bd3 Re8 18. f5 f6 19. Rde1 Kf7 20. Bd6 Bd7 21. g4
Rc8 22. h4 Bc7 23. Bxc7 Rxc7 24. g5 c5 25. dxc5 Rxc5 26. Rhf1 Rec8 27. gxf6
gxf6 28. Ng4 Ng8 29. h5 Ba4 30. Rf2 d4 31. Re4 Bxc2 32. Bxc2 d3 33. Ne3 dxc2
34. Rxc2 Rxc2+ 35. Nxc2 Ne7 36. Kd2 Nxf5 37. Ra4 a6 38. Ra5 Ke6 39. Ra4 Rd8+
40. Kc3 Ng3 41. Nd4+ Kd5 42. Kd3 Ke5 43. Rc4 Rd5 44. Rb4 b5 0-1

[Event "DEM U16w 2012"]
[Site "Oberhof GER"]
[Date "2012.05.27"]
[Round "2"]
[White "Berger, Nadja"]
[Black "Lagunow, Elina"]
[Result "1-0"]
[Termination "normal"]
[Board "4"]
[WhiteElo "1745"]
[BlackElo "1748"]
[PlyCount "73"]
[WhiteFideId "24692212"]
[BlackFideId "4673387"]
[EventCountry "GER"]
[EventRounds "9"]
[EventType "swiss"]
[EventDate "2012.05.26"]

1. d4 Nf6 2. c4 g6 3. Nc3 Bg7 4. e4 d6 5. Bg5 O-O 6. h3 c5 7. d5 h6 8. Be3 e6
9. Qd2 Kh7 10. Nge2 exd5 11. exd5 Nbd7 12. Ng3 a6 13. Be2 Ng8 14. Nf1 f5 15.
Nh2 Qh4 16. Nf3 Qf6 17. Qc2 Ne5 18. Nxe5 Qxe5 19. O-O-O Bd7 20. Rde1 Qf6 21.
Bd3 b5 22. Ne2 b4 23. Nf4 Rfe8 24. g4 a5 25. Reg1 a4 26. gxf5 gxf5 27. Nh5
Qxb2+ 28. Qxb2 Bxb2+ 29. Kxb2 a3+ 30. Kb1 Re7 31. Bf4 Ra6 32. Rg2 Rf7 33. Rhg1
Nf6 34. Nxf6+ Rxf6 35. Rg7+ Kh8 36. Rg8+ Kh7 37. R1g7# 1-0

[Event "DEM U16w 2012"]
[Site "Oberhof GER"]
[Date "2012.05.27"]
[Round "2"]
[White "Diederichs, Luise"]
[Black "Siegl, Melina"]
[Result "1-0"]
[Termination "normal"]
[Board "5"]
[WhiteElo "1764"]
[BlackElo "1771"]
[PlyCount "61"]
[WhiteFideId "24661597"]
[BlackFideId "1272126"]
[EventCountry "GER"]
[EventRounds "9"]
[EventType "swiss"]
[EventDate "2012.05.26"]

1. d4 f5 2. g3 g6 3. Bg2 Bg7 4. Nh3 d6 5. d5 c6 6. Nf4 Nf6 7. h4 cxd5 8. Nxd5
Nbd7 9. Nbc3 e6 10. Nf4 Nb6 11. h5 g5 12. h6 Bf8 13. Nh5 Bxh6 14. Nxf6+ Qxf6
15. Qxd6 Bf8 16. Qd3 h6 17. Be3 e5 18. O-O-O a6 19. Nd5 Nxd5 20. Bxd5 Bg7 21.
Qb3 Qe7 22. Bb6 Rb8 23. Rd2 Bf6 24. Qc4 Bd7 25. Rhd1 Bb5 26. Qb3 Kf8 27. Be6 e4
28. Rd7 Bxd7 29. Rxd7 Kg7 30. Rxe7+ Bxe7 31. Bxf5 1-0

[Event "DEM U16w 2012"]
[Site "Oberhof GER"]
[Date "2012.05.27"]
[Round "2"]
[White "Tettmann, Ann-Kathrin"]
[Black "Polert, Annika"]
[Result "0-1"]
[Termination "normal"]
[Board "6"]
[WhiteElo "1622"]
[BlackElo "1792"]
[PlyCount "56"]
[WhiteFideId "12945676"]
[BlackFideId "24692328"]
[EventCountry "GER"]
[EventRounds "9"]
[EventType "swiss"]
[EventDate "2012.05.26"]

1. d4 d5 2. c4 e6 3. Nc3 Be7 4. Nf3 Nf6 5. Bg5 O-O 6. e3 Nbd7 7. cxd5 exd5 8.
Bd3 c6 9. Qc2 h6 10. Bh4 Re8 11. O-O Ne4 12. Bxe7 Qxe7 13. Rab1 a5 14. a3 f5
15. b4 g5 16. Nd2 Ndf6 17. Rfe1 g4 18. Ne2 Nxf2 19. Kxf2 Qxe3+ 20. Kf1 Ne4 21.
Bxe4 fxe4 22. Ng3 Rf8+ 23. Nf3 Qxd4 24. Rbd1 Qg7 25. Kg1 gxf3 26. gxf3 Rxf3 27.
Kh1 Bg4 28. Ra1 axb4 0-1

[Event "DEM U16w 2012"]
[Site "Oberhof GER"]
[Date "2012.05.27"]
[Round "2"]
[White "Eue, Vicky"]
[Black "Schäfer, Annabelle"]
[Result "1/2-1/2"]
[Termination "normal"]
[Board "7"]
[WhiteElo "1586"]
[BlackElo "1803"]
[PlyCount "59"]
[WhiteFideId "12945838"]
[BlackFideId "12917729"]
[EventCountry "GER"]
[EventRounds "9"]
[EventType "swiss"]
[EventDate "2012.05.26"]

1. e4 e5 2. Nf3 Nc6 3. Bb5 a6 4. Ba4 d6 5. O-O Bd7 6. c3 g6 7. d4 Bg7 8. Be3
Nf6 9. Nbd2 O-O 10. h3 b5 11. Bc2 h6 12. Re1 Ne8 13. Nf1 f5 14. exf5 exd4 15.
Bxd4 Nxd4 16. Nxd4 Bxd4 17. Qxd4 Bxf5 18. Bxf5 Rxf5 19. Ng3 Rf7 20. Re6 Kh7 21.
Qd3 Qg5 22. Rae1 Ng7 23. h4 Qg4 24. R1e4 Qxe6 25. Rxe6 Nxe6 26. h5 Nf4 27.
hxg6+ Nxg6 28. Nh5 Raf8 29. f3 Rf5 30. Ng3 1/2-1/2

[Event "DEM U16w 2012"]
[Site "Oberhof GER"]
[Date "2012.05.27"]
[Round "2"]
[White "Liez, Franziska"]
[Black "Michels, Kim"]
[Result "1-0"]
[Termination "normal"]
[Board "8"]
[WhiteElo "1957"]
[BlackElo "1647"]
[PlyCount "37"]
[WhiteFideId "1271766"]
[BlackFideId "24690066"]
[EventCountry "GER"]
[EventRounds "9"]
[EventType "swiss"]
[EventDate "2012.05.26"]

1. e4 c5 2. Nf3 Nc6 3. Nc3 g6 4. d4 cxd4 5. Nxd4 Bg7 6. Be3 Nf6 7. Bc4 Qa5 8.
O-O O-O 9. Bb3 d6 10. h3 Bd7 11. Re1 Nxd4 12. Bxd4 Bc6 13. Qd3 Nd7 14. Bxg7
Kxg7 15. a3 Qe5 16. Qe3 Nc5 17. f4 Qf6 18. e5 dxe5 19. fxe5 1-0

[Event "DEM U16w 2012"]
[Site "Oberhof GER"]
[Date "2012.05.27"]
[Round "2"]
[White "Wulf, Constanze"]
[Black "Mehling, Katharina"]
[Result "0-1"]
[Termination "normal"]
[Board "9"]
[WhiteElo "1473"]
[BlackElo "1714"]
[PlyCount "42"]
[WhiteFideId "24692379"]
[BlackFideId "12900362"]
[EventCountry "GER"]
[EventRounds "9"]
[EventType "swiss"]
[EventDate "2012.05.26"]

1. d4 Nf6 2. c4 g6 3. Nc3 Bg7 4. e4 d6 5. h3 O-O 6. Bg5 h6 7. Be3 e5 8. d5 Nbd7
9. Nf3 a5 10. Bd3 Kh7 11. O-O Nh5 12. Qd2 Nc5 13. Bc2 f5 14. exf5 Bxf5 15. Bxf5
gxf5 16. Qe2 Qe8 17. Bxc5 dxc5 18. Rfe1 e4 19. Nd2 Nf4 20. Qd1 Qg6 21. g3 Bd4
0-1

[Event "DEM U16w 2012"]
[Site "Oberhof GER"]
[Date "2012.05.27"]
[Round "2"]
[White "Stoll, Katja"]
[Black "Brock, Sharlena"]
[Result "1-0"]
[Termination "normal"]
[Board "10"]
[WhiteElo "1645"]
[BlackElo "1420"]
[PlyCount "83"]
[WhiteFideId "1271730"]
[BlackFideId "12951935"]
[EventCountry "GER"]
[EventRounds "9"]
[EventType "swiss"]
[EventDate "2012.05.26"]

1. e4 e5 2. Nf3 Nc6 3. Nc3 Nf6 4. Bb5 Nd4 5. Bc4 d6 6. Ng5 Be6 7. Nxe6 Nxe6 8.
d3 Be7 9. O-O c6 10. Re1 O-O 11. Bb3 Qc7 12. Be3 b5 13. a3 a5 14. f3 Kh8 15.
Qd2 Nh5 16. Ne2 Rad8 17. d4 exd4 18. Nxd4 Nxd4 19. Bxd4 c5 20. Be3 c4 21. Ba2
Bf6 22. c3 Rd7 23. g4 Bh4 24. gxh5 Bxe1 25. Rxe1 f5 26. Bd4 fxe4 27. Rxe4 d5
28. Rg4 Kg8 29. Bb1 Rxf3 30. Qh6 Rdf7 31. Qxh7+ Kf8 32. Kg2 R3f4 33. Rg3 Ke7
34. Bg6 Rf8 35. Qxg7+ Kd8 36. Qxc7+ Kxc7 37. Be5+ Kd7 38. Bxf4 Rxf4 39. h6 Rf8
40. h7 Rh8 41. Bf5+ Ke7 42. Rg8 1-0

[Event "DEM U16w 2012"]
[Site "Oberhof GER"]
[Date "2012.05.27"]
[Round "2"]
[White "Tobianski, Karina"]
[Black "Herbrig, Marie-Helen"]
[Result "0-1"]
[Termination "normal"]
[Board "11"]
[WhiteElo "1341"]
[BlackElo "1646"]
[PlyCount "94"]
[WhiteFideId "12937746"]
[BlackFideId "12900427"]
[EventCountry "GER"]
[EventRounds "9"]
[EventType "swiss"]
[EventDate "2012.05.26"]

1. e4 c5 2. c3 d5 3. exd5 Qxd5 4. d4 Nf6 5. Nf3 Nc6 6. Be2 e6 7. Be3 cxd4 8.
cxd4 Be7 9. O-O O-O 10. Nc3 Qd6 11. Qd2 Nd5 12. Nxd5 Qxd5 13. a3 b6 14. Rac1
Na5 15. Rc3 Bb7 16. Qc2 Bd6 17. Ne1 Rac8 18. Bf3 Rxc3 19. bxc3 Qb5 20. a4 Qd7
21. Bxb7 Qxb7 22. Nf3 h6 23. Rc1 Rc8 24. Qd1 Qd5 25. Bd2 Nc4 26. h3 Qc6 27. Qb3
a6 28. Be3 b5 29. axb5 axb5 30. Nd2 Nb6 31. Rb1 Qxc3 32. Qxc3 Rxc3 33. Rxb5 Nd5
34. Ne4 Rc6 35. Nxd6 Rxd6 36. Rb8+ Kh7 37. Rb7 Kg6 38. Rb1 Rc6 39. Re1 Rc3 40.
Kf1 h5 41. Kg1 Kf5 42. Kf1 g5 43. Kg1 h4 44. Kh2 Nxe3 45. Rxe3 Rxe3 46. fxe3
Ke4 47. g3 Kf3 0-1

[Event "DEM U16w 2012"]
[Site "Oberhof GER"]
[Date "2012.05.27"]
[Round "2"]
[White "Burgardt, Sabrina"]
[Black "Lehmann, Patricia"]
[Result "0-1"]
[Termination "normal"]
[Board "12"]
[WhiteElo "1281"]
[BlackElo "1671"]
[PlyCount "78"]
[WhiteFideId "12951943"]
[BlackFideId "12900060"]
[EventCountry "GER"]
[EventRounds "9"]
[EventType "swiss"]
[EventDate "2012.05.26"]

1. d4 d5 2. Nf3 Nf6 3. c4 c6 4. cxd5 cxd5 5. Nc3 Nc6 6. Bg5 e6 7. e3 Be7 8. Be2
O-O 9. O-O a6 10. a3 b5 11. Bxf6 Bxf6 12. b4 Bb7 13. Qd2 Qe7 14. Ne1 Rfd8 15.
f4 Rac8 16. Nd3 Nxd4 17. Rab1 Rxc3 18. exd4 Bxd4+ 19. Nf2 Bxf2+ 20. Rxf2 Rdc8
21. Rbf1 Rc2 22. Qd4 Rc1 23. Rxc1 Rxc1+ 24. Rf1 Rxf1+ 25. Bxf1 Bc8 26. Bd3 g6
27. Qc3 Bb7 28. h3 f6 29. Qc2 Kf7 30. g4 e5 31. fxe5 Qxe5 32. Bf1 Qg3+ 33. Bg2
d4 34. Qf2 Qxf2+ 35. Kxf2 Bxg2 36. Kxg2 Ke6 37. Kf3 Ke5 38. Ke2 Ke4 39. Kd2 f5
0-1

[Event "DEM U16w 2012"]
[Site "Oberhof GER"]
[Date "2012.05.28"]
[Round "3"]
[White "Osmanodja, Filiz"]
[Black "Diederichs, Luise"]
[Result "1-0"]
[Termination "normal"]
[Board "1"]
[WhiteTitle "FM"]
[WhiteElo "2160"]
[BlackElo "1764"]
[PlyCount "77"]
[WhiteFideId "24633569"]
[BlackFideId "24661597"]
[EventCountry "GER"]
[EventRounds "9"]
[EventType "swiss"]
[EventDate "2012.05.26"]

1. e4 e6 2. d4 d5 3. Nc3 Nf6 4. e5 Nfd7 5. f4 c5 6. Nf3 Nc6 7. Be3 Qb6 8. Na4
Qa5+ 9. c3 cxd4 10. b4 Nxb4 11. cxb4 Bxb4+ 12. Bd2 Bxd2+ 13. Nxd2 O-O 14. Bd3
b5 15. Nb2 Nb6 16. O-O Nc4 17. Nbxc4 bxc4 18. Bxh7+ Kxh7 19. Qh5+ Kg8 20. Nf3
g6 21. Qh6 Qc7 22. f5 exf5 23. Rae1 f6 24. exf6 Qh7 25. Qf4 Qf7 26. Qxd4 Rb8
27. Ng5 Qxf6 28. Qxd5+ Kg7 29. Ne6+ Bxe6 30. Rxe6 Rbd8 31. Qc6 Qf7 32. Rfe1 Rc8
33. Qd5 Rc7 34. Qe5+ Kg8 35. Qd6 c3 36. Rxg6+ Kh7 37. Rh6+ Kg8 38. Qg3+ Qg7 39.
Rg6 1-0